00433nam a2200157Ia 4500003000400000008004100004040001600045082001300061100002300074245007100097700002200168260004500190300001000235650001600245650001400261GCL140319s9999 xx 000 0 eng d aGCL / cGCL04a410bA O1 aLANGENDOEN, TERNCE10aOPTIMALITY THEORY: AN INTRODUCTION OVERVIEW / cLANGENDOEN, TERNCE1 aARCHANGELI, DIANA a[S.N] : bBLACKWELL PUBLISHERS ، c1997 a233 P04aLINGUISTICS04aLANGUAGES